LEADER 03243nam 22005053 450 001 9910888074103321 005 20251116150240.0 010 $a9783428573981 010 $a3428573986 035 $a(CKB)5690000000011526 035 $a(MiAaPQ)EBC7101333 035 $a(Au-PeEL)EBL7101333 035 $a(OCoLC)1347027970 035 $a(Exl-AI)7101333 035 $a(EXLCZ)995690000000011526 100 $a20221219d2022 uy 0 101 0 $aeng 135 $aurcnu|||||||| 181 $ctxt$2rdacontent 182 $cc$2rdamedia 183 $acr$2rdacarrier 200 10$aGemeindebetriebe in Frankreich und England $eGemeindebetriebe - Neuere Versuche und Erfahrungen über Die Ausdehnung der Kommunalen Tätigkeit in Deutschland und Im Ausland. Dritter Band, Vierter Teil. (Schriften des Vereins Für Socialpolitik 130-IV) 205 $a1st ed. 210 1$aBerlin :$cDuncker & Humblot,$d2022. 210 4$d©1910. 215 $a1 online resource (85 pages) 225 1 $aDuncker & Humblot reprints 311 08$a9783428173983 311 08$a3428173988 327 $aInhaltsverzeichnis -- I. Les Industries Communales en France. Par H. Berthelemy -- Les industries municipales devant la loi -- Les industries municipales devant la jurisprudence -- L?avenir du socialisme municipal -- II. The Trading Enterprises of Manchester. By Douglas Knoop -- Water Supply -- Gas supply -- Electricity Supply -- Tramways Department -- The Building and Letting of Houses -- Markets -- Cleansing Department -- Sewage Works -- Baths and Wash-houses -- Cemeteries -- Financial Result of Municipal Trading -- The Selling Policy of the Municipal Enterprises -- Municipal and Private Trading -- General relation of Town Authorities to Municipal Trading$7Generated by AI. 330 $aThis book, part of a series by the Verein für Socialpolitik, examines the expansion of municipal activities in France and England. It explores the development of municipal socialism and the legal and social challenges faced by communal industries. The text discusses the political nature of municipal institutions in France, highlighting the role of democratic recruitment and political motivations in local governance. It argues that municipal councils often lack the necessary skills for managing industrial enterprises, leading to inefficiencies. The book also addresses the legal constraints and capacities of municipalities in creating and managing industrial services, emphasizing the importance of adhering to public law principles. The work is intended for scholars and professionals interested in public policy, municipal governance, and social economics.$7Generated by AI. 410 0$aDuncker & Humblot reprints 517 $aGemeindebetriebe in Frankreich Und England 606 $aMunicipal government$7Generated by AI 606 $aPublic administration$7Generated by AI 615 0$aMunicipal government 615 0$aPublic administration 700 $aFuchs$b Carl Johannes$0148514 801 0$bMiAaPQ 801 1$bMiAaPQ 801 2$bMiAaPQ 906 $aBOOK 912 $a9910888074103321 996 $aGemeindebetriebe in Frankreich und England$94241372 997 $aUNINA